| 000 | 00442nam a2200169 a 4500 | ||
|---|---|---|---|
| 001 | 0000-9377 | ||
| 003 | ELIB.Books | ||
| 008 | 110520 1966 | ||
| 035 | _a(ELIB.Books)0000-9529 | ||
| 082 |
_a252 _bGre |
||
| 100 | _aGreene, Oliver B | ||
| 245 | _aWhy does the Devil Desire to Damn You? | ||
| 260 |
_bGreenville: The Gospel Hour, Inc. _c1966 |
||
| 650 | _aPreaching | ||
| 942 |
_2ddc _cBK |
||
| 998 |
_cbat _e2011-05-20 |
||
| 999 |
_c9377 _d9377 |
||